00636nam a2200205Ia 450000500170000000800410001708200130005824500900007126000360016130000140019765000200021165000100023165000130024165000180025470000230027270000220029594200060031795200940032399900130041720240717051253.0240331s9999 xx 000 0 und d a200bSPE 0aSpeaking of faith :bcross-cultural perspectives on women ,religion and social change aNew DelhibKali For Womenc1986 a288, p ., aCross - culture aWoman aReligion aSocial Change aEck. L. Dianaeedt aJain, Devakieedt cL 001040708LaWERCLbWERCLcSSCd2024-03-31l0o 200 SPEp313r2024-03-31w2024-03-31yL c811d811